00418nam a2200121Ia 4500001000800000005001700008008004100025020001800066245008100084260002200165999002100187952008800208127411020260417160401.0260417s9999 xx 000 0 und d a9786258317602 0aHz. Peygamber ve Çocuklar - Tüm İnsanların Peygamberi 1cVejdi Bilgin bBeyan Yayınları c1274110d1274110 00104070a1108b1108d2026-04-17l0p1108374r2026-04-17 16:04:01w2026-04-17yBK